000 00646nam a2200181 4500
010 _aHIN-131123
020 _a9788186336755
035 _aHN-103469
037 _bDBAD
082 _a181.432
100 _aसत्यानन्द स्वामी
_987427
245 _aबम लहरी/
_cस्वामी सत्यानन्दसरस्वती
250 _a
260 _aबिहार
_bयोग प्रकाशन
_c2009
270 _a4695,21-ए, दरियागंज,
_bमुंगेर
300 _a267पृ.
_c29सेमी (सजिल्द)
_b
942 _2ddc
_cHN
_h181.432
999 _c214894
_d214894